| 000 | 00479nam a2200169 a 4500 | ||
|---|---|---|---|
| 001 | 1188 | ||
| 005 | 20140414131948.0 | ||
| 008 | 041105s19uu xx 00 eng d | ||
| 020 | _a0-938256-51-3 | ||
| 050 |
_aTR 372.2 _bG75 1983 |
||
| 100 | _aGregorich, Barbara | ||
| 245 |
_aWhere is it? / _cwriter Barbara Gregorich. |
||
| 260 |
_aMichigan : _bSchool Zone Publishing, _c1983. |
||
| 300 | _a32 p. : ill. ; cm. | ||
| 650 |
_aOpposites _xJuvenile literature. |
||
| 999 |
_c112734 _d112734 |
||